|
|
|
|
| LEADER |
00000nab a2200000 a 4500 |
| 001 |
vtls000849516 |
| 003 |
SK-MaSNL |
| 005 |
20260426063429.0 |
| 008 |
161006c2001 xo 0 slo |
| 015 |
|
|
|a SNBRA2003/10-29260
|
| 035 |
|
|
|a CLN000201171
|
| 040 |
|
|
|a SNKBUCL
|b slo
|c SNKBUCL
|e AACR2
|
| 041 |
0 |
|
|a slo
|
| 044 |
|
|
|a xo
|c SK
|
| 080 |
|
|
|a 904(437.6):264:091.14:930.253
|2 1997
|
| 080 |
|
|
|a 264(437.6):930.253(437.61)
|2 1997
|
| 080 |
|
|
|a 930.253(437.61):264
|2 1997
|
| 080 |
|
|
|a 091.14(437.61):930.253
|2 1997
|
| 100 |
1 |
|
|a Korcová-Veselovská, Eva
|4 aut
|9 1286214
|
| 245 |
1 |
0 |
|a Stredoveké notované kódexy v bratislavských archívnych fondoch
|c Eva Korcová-Veselovská
|
| 300 |
|
|
|b Obr.
|
| 504 |
|
|
|a Res. nem.
|
| 504 |
|
|
|a Bibliogr. odkazy a pozn.
|
| 650 |
0 |
7 |
|a kódexy liturgické notované
|y stor. 9.-15.
|x fondy archívne
|z Bratislava (Slovensko)
|2 snkbucl
|9 1286215
|
| 650 |
0 |
7 |
|a hudobné rukopisy
|2 SNKPH
|9 66995
|
| 650 |
0 |
7 |
|a archívy
|z Bratislava (Slovensko)
|x kódexy liturgické notované
|2 snkbucl
|9 1286216
|
| 651 |
|
7 |
|a Bratislava (Slovensko)
|2 snkbucl
|9 14568
|
| 655 |
|
7 |
|a články zo zborníkov
|2 snkbucl
|9 166140
|
| 773 |
0 |
|
|w SK01SNK2002000405075
|z 8022406910
|t Studia archaeologica slovaca mediaevalia III-IV/2000-2001
|d Bratislava : Veda, 2001
|g S. 397-405
|
| 850 |
|
|
|a Slovenská národná knižnica v Martine
|
| 852 |
|
|
|a SNK
|b KIS3GCP
|
| 958 |
|
|
|a NB
|
| 958 |
|
|
|a NT
|
| 999 |
|
|
|c 2556003
|d 2557933
|